000 00979nam a2200313 i 4500
001 18879
003 ES-MaACL
005 20250804075414.0
007 t|
008 020408s2001 sp ||||1| spa d
020 _a84-7245-501-7
080 _a130.2"19"
080 _a1(5)
080 _a1"19"
245 0 0 _aCultura y modernidad
_b: perspectivas filosóficas de Oriente y Occidente /
_cR. Rorty ... [et al.] ; edición a cargo de Eliot Deutsch ; traducción del inglés de David Sempau.
250 _a1ª ed.
260 _aBarcelona :
_bKairós,
_c2001.
300 _a443 p. ;
_c23 cm.
490 1 _aEnsayo
650 0 4 _aCivilización-
_xFilosofía.
_911081
650 1 7 _aFilosofía oriental
_2embne
_912859
650 1 4 _aFilosofía-
_yS.XX.
_912826
700 1 _aRorty, Richard.
_999561
700 1 _aDeutsch, Eliot.
_943981
700 1 _aSempau, David.
_9105397
830 1 _aEnsayo
_9177699
852 _aES-MaACL
_jL-25362
999 _c18879
_d18879